000 00706nam a2200289Ia 4500
005 20260324150852.0
008 008 260324s9999 xx 000 0 eng d
020 _a9781003615729
037 _aEBOOK
040 _aCRL
040 _beng
040 _cCRL
041 _2eng
041 _aeng
084 _qCRL
100 _aO.E. Burton
_91227907
245 2 _aA Study in Creative History
245 4 _bThe Interaction of the Eastern and Western Peoples to 500 B.C.
260 _bTaylor and Francis
260 _c1932
365 _a
365 _b165
856 _uhttp://www.taylorfrancis.com/books/9781003615729
942 _cEBOOK
999 _c1838105
_d1838105